000
00300nam a2200133Ia 4500
008
190216s9999||||xx |||||||||||||| ||und||
100
_a
Ganguly.C
245
0
_a
Studies In Indian Economic Problems
250
_a
1st Ed.
260
_b
Null
_c
1978
300
_a
696
650
_a
Economics
942
_c
BK
999
_c
9340
_d
9340